MARC

LEADER 00000nam0a2200000 4500
001 271419
005 20231101234432.0
035 |a (RuTPU)RU\TPU\book\294601 
090 |a 271419 
100 |a 20141007d1987 k y0rusy50 ca 
101 0 |a rus 
102 |a RU 
105 |a y z 001zy 
200 1 |a Химический и минеральный состав пород центральной части Хибинского щелочного массива  |f Академия наук СССР (АН СССР), Кольский филиал ; под ред. т. Н. Ивановой 
210 |a Апатиты  |c Изд-во Кольского филиала АН СССР  |d 1987 
215 |a 137 с. 
320 |a Библиогр.: с. 137 
606 1 |a Геологические формации, магматические  |2 stltpush  |3 (RuTPU)RU\TPU\subj\6087  |9 34047 
610 1 |a химический состав 
610 1 |a минеральный состав 
610 1 |a горные породы 
610 1 |a Хибинский массив 
610 1 |a химический анализ 
610 1 |a породообразующие минералы 
675 |a 552.3  |v 4 
702 1 |a Иванова  |b Т. Н.  |4 340 
712 0 2 |a Академия наук СССР (АН СССР)  |b Кольский филиал  |2 stltpush  |3 (RuTPU)RU\TPU\col\11519 
801 1 |a RU  |b 63413507  |c 20141007 
801 2 |a RU  |b 63413507  |c 20210304  |g RCR 
942 |c BK